000 00800nam a2200253Ia 4500
003 OSt
005 20221005103928.0
006 a|||||r|||| 00| 0
007 ta
008 221004b |||||||| |||| 00| 0 hin d
024 _a73634
037 _cTextual
040 _aCRL
_cCRL
_bhin
041 _2hin
_ahin
082 _aR672x2:g, 152K9
100 _aदीनानाथ भार्गव दिनेश
245 0 _aगीता ज्ञान
246 _aGītā jnyāna
260 _aदिल्ली
_bगुर दास कपूर
_c1969
300 _a1000पृ0
_ccm.
650 _aभारतीय दर्शन
942 _hR672x2:g, 152K9
_cTEXL
_2cc
999 _c1011312
_d1011312